Welcome to the Holygrace Academy Library

Please use search bar below to get started

YOUNG UNCLE COMES TO TOWN (Record no. 6630)

MARC details
000 -LEADER
fixed length control field 00532nam a22001457a 4500
020 ## - INTERNATIONAL STANDARD BOOK NUMBER
ISBN 81-86706-96-8
082 ## - DEWEY DECIMAL CLASSIFICATION NUMBER
Classification number 823
Item number SIN/Y
100 ## - MAIN ENTRY--AUTHOR NAME
Personal name SINGH, VANDNA
245 ## - TITLE STATEMENT
Title YOUNG UNCLE COMES TO TOWN
260 ## - PUBLICATION, DISTRIBUTION, ETC. (IMPRINT)
Place of publication NEW DELHI
Name of publisher PUFFIN BOOKS
Year of publication 2004
300 ## - PHYSICAL DESCRIPTION
Number of Pages 92
520 ## - SUMMARY, ETC.
Summary, etc Younguncle Comes to Town is a whimsical collection of stories about a young man from India, affectionately named Younguncle, and his adventures while staying at the home of his older brother, his wife, and three children.
650 ## - SUBJECT ADDED ENTRY--TOPICAL TERM
Topical Term SHORT STORY
942 ## - ADDED ENTRY ELEMENTS (KOHA)
Koha item type Books

No items available.